书目信息 |
| 题名: |
人类DNA遗传标记
|
|
| 作者: | 李生斌 著 | |
| 分册: | ||
| 出版信息: | 北京 人民卫生出版社 2000 |
|
| 页数: | 10,280,23页 | |
| 开本: | 26cm | |
| 丛书名: | ||
| 单 册: | ||
| 中图分类: | Q987 , Q31 | |
| 科图分类: | ||
| 主题词: | 人类基因--脱氧核糖核酸--遗传标记--研究 , 遗传 , 变异 | |
| 电子资源: | ||
| ISBN: | 7-117-03702-4 | |
| 000 | 00981nam0 2200289 450 | |
| 001 | 1569714578 | |
| 005 | 20150117192256.43 | |
| 010 | @a7-117-03702-4@b精装@dCNY53.00 | |
| 100 | @a20001226d2000 em y0chiy0110 ea | |
| 101 | 0 | @achi |
| 102 | @aCN@b110000 | |
| 105 | @aa z 000yy | |
| 200 | 1 | @a人类DNA遗传标记@9ren lei DN9 yi chuan biao ji@f李生斌著 |
| 210 | @a北京@c人民卫生出版社@d2000 | |
| 215 | @a10,280,23页@c彩照@d26cm | |
| 300 | @a国家“95”攻关项目96-919-01-4 国家自然科学基金项目39200141。39670399 | |
| 314 | @a李生斌,西安医科大学法医学院院长,博士生导师和博士后导师。著有《法医学》、《电泳原理与技术应用》等。 | |
| 330 | @a本书介绍了人类DNA遗传标记的基本理论、分型技术及应用。 | |
| 510 | 1 | @aHuman DNA Genetic Markers@zeng |
| 606 | 0 | @a人类基因@x脱氧核糖核酸@x遗传标记@x研究 |
| 606 | 0 | @a遗传 |
| 606 | 0 | @a变异 |
| 690 | @aQ987@v5 | |
| 690 | @aQ31@v4 | |
| 701 | 0 | @a李生斌@9li sheng bin@4著 |
| 801 | 0 | @aCN@bTSSF@c20150117 |
| 905 | @aZUCC@dQ31@eJY21 | |
| 人类DNA遗传标记/李生斌著.-北京:人民卫生出版社,2000 |
| 10,280,23页:彩照;26cm |
| 国家“95”攻关项目96-919-01-4 国家自然科学基金项目39200141。39670399 |
| ISBN 7-117-03702-4(精装):CNY53.00 |
| 本书介绍了人类DNA遗传标记的基本理论、分型技术及应用。 |
| ● |
| 相关链接 |
|
|
|
|
正题名:人类DNA遗传标记
索取号:Q31/JY21
 
预约/预借
| 序号 | 登录号 | 条形码 | 馆藏地/架位号 | 状态 | 备注 |
| 1 | 7853140 | 278531402 | 学院路分馆/ [索取号:Q31/JY21] | 在馆 | |
| 2 | 7853141 | 278531411 | 学院路分馆/ [索取号:Q31/JY21] | 在馆 |